| 000 | 00485nam a2200157Ia 4500 | ||
|---|---|---|---|
| 003 | SGT | ||
| 020 | _a9789350142363 | ||
| 082 |
_a5.1 _bAGA |
||
| 100 | _aAgarwal,Udit | ||
| 245 | _aSoftware engineering | ||
| 260 |
_bS.K. Kataria & SONS _aN.Delhi _c2012 |
||
| 300 | _a382p. | ||
| 650 | _aCOMPUTER SCIENCE | ||
| 653 | _aSOFTWARE DEVELOPMENT LIFE CYCLE MODELS, SOFTWARE REQUIREMENT SPECIFICATION, SOFTWARE RELIABILITY AND QUALITY ASSURANCE, SOFTWARE PROJECT MANAGEMENT | ||
| 942 |
_2ddc _cBK |
||
| 999 |
_c5470 _d5470 |
||